000 00355nam a2200145Ia 4500
008 230917s9999||||xx |||||||||||||| ||und||
040 _e39024
_aMAIN
041 _aEnglish
082 _a821.8 W645S:O
100 _aShewan, Rodney
245 0 _aOscar wilde: art and Egotism
260 _aLondon
_bMacmillan
_c1977
300 _axix, 239 p.
942 _cBK
999 _c198668
_d198668